[Event "Rheinland Pfalz op 11th"]
[Site "Weilerbach"]
[Date "2019.06.20"]
[Round "2"]
[White "Unteregge, Michael"]
[Black "Lenaerts, Lennert"]
[Result "1/2-1/2"]
[WhiteElo "1979"]
[BlackElo "2364"]
[PlyCount "54"]
[EventDate "2019.06.20"]
[EventType "swiss"]
[EventRounds "7"]
[EventCountry "GER"]
[SourceTitle "CBM 191 Extra"]
[Source "ChessBase"]
[SourceDate "2019.09.30"]
[SourceVersion "1"]
[SourceVersionDate "2019.09.30"]
[SourceQuality "1"]

1. Nf3 d5 2. d4 Nf6 3. c4 c6 4. Qc2 g6 5. Bf4 Bg7 6. e3 0-0 7. Nc3 e6 8. Be2 b6 9. 0-0 Bb7 10. b4 dxc4 11. Bxc4 Qe7 12. a3 Rc8 13. Rfd1 a5 14. Rab1 axb4 15. axb4 Nbd7 16. e4 h6 17. h3 Ne8 18. Qb3 Ba6 19. b5 cxb5 20. Nxb5 Bb7 21. Bd3 g5 22. Bd2 Qd8 23. Bb4 Ndf6 24. Re1 Nh5 25. Rbd1 Nf4 26. Bf1 Bc6 27. Ne5 Bxb5 1/2-1/2

[Event "Ruhrgebiet Verbandsklasse Gruppe 2 1718"]
[Site "Germany"]
[Date "2018.04.29"]
[Round "9.1"]
[White "Bree, Thomas"]
[Black "Unteregge, Michael"]
[Result "1/2-1/2"]
[WhiteElo "2046"]
[BlackElo "2001"]
[PlyCount "41"]
[EventDate "2017.09.17"]
[EventType "team-tourn"]
[EventRounds "9"]
[EventCountry "GER"]
[SourceTitle "EXT 2022"]
[Source "ChessBase"]
[SourceDate "2021.10.06"]
[SourceVersion "1"]
[SourceVersionDate "2021.10.06"]
[SourceQuality "1"]
[WhiteTeam "Brackel SF II"]
[BlackTeam "Essen SK Germania Kupferdreh"]
[WhiteTeamCountry "GER"]
[BlackTeamCountry "GER"]

1. d4 Nf6 2. Bg5 Ne4 3. Bf4 d5 4. e3 c5 5. Bd3 Nf6 6. c3 Nc6 7. Nd2 Bg4 8. Ngf3 e6 9. h3 Bh5 10. Bb5 Qb6 11. Qa4 Nd7 12. 0-0 Be7 13. Rfe1 0-0 14. Bd3 Bg6 15. Bxg6 hxg6 16. Rab1 Rac8 17. Qd1 cxd4 18. exd4 Na5 19. Qe2 Nc4 20. Nxc4 Rxc4 21. Ne5 1/2-1/2

[Event "Ruhrgebiet Verbandsklasse Gruppe 2 1718"]
[Site "Germany"]
[Date "2017.11.05"]
[Round "3.1"]
[White "Schulenburg, Pit"]
[Black "Unteregge, Michael"]
[Result "1/2-1/2"]
[WhiteElo "2080"]
[BlackElo "2019"]
[PlyCount "87"]
[EventDate "2017.09.17"]
[EventType "team-tourn"]
[EventRounds "9"]
[EventCountry "GER"]
[SourceTitle "EXT 2022"]
[Source "ChessBase"]
[SourceDate "2021.10.06"]
[SourceVersion "1"]
[SourceVersionDate "2021.10.06"]
[SourceQuality "1"]
[WhiteTeam "Dortmund Matt Inn"]
[BlackTeam "Essen SK Germania Kupferdreh"]
[WhiteTeamCountry "GER"]
[BlackTeamCountry "GER"]

1. g3 e5 2. d3 d5 3. Nf3 Bd6 4. Bg2 Nf6 5. 0-0 0-0 6. c3 c6 7. Qc2 Bg4 8. e4 dxe4 9. dxe4 Qc7 10. Nbd2 Nbd7 11. Nc4 Bc5 12. b4 Be7 13. Ne3 Bxf3 14. Bxf3 g6 15. a3 Rfd8 16. Bb2 Nf8 17. Rad1 Ne6 18. Bg2 Rxd1 19. Rxd1 Rd8 20. Rxd8+ Qxd8 21. h4 Bd6 22. Bh3 Qe7 23. Qd3 Bc7 24. Kg2 Nh5 25. Bxe6 Qxe6 26. c4 b6 27. a4 Nf6 28. b5 c5 29. Bc1 Bd6 30. Bd2 Bc7 31. f3 h5 32. Nd1 Kg7 33. Nc3 Bd6 34. a5 Bc7 35. a6 Bd6 36. Bg5 Ne8 37. Nd5 Nc7 38. Bd8 Nxd5 39. Qxd5 Bb8 40. Qxe6 fxe6 41. Kf2 Kf7 42. Bg5 Bc7 43. Be3 Kf6 44. Ke2 1/2-1/2

[Event "Ruhrgebiet Verbandsklasse Gruppe 2 1516"]
[Site "Germany"]
[Date "2016.03.20"]
[Round "8.1"]
[White "Henn, Marcus"]
[Black "Unteregge, Michael"]
[Result "1/2-1/2"]
[WhiteElo "2053"]
[BlackElo "1991"]
[PlyCount "30"]
[EventDate "2015.09.06"]
[EventType "team-tourn"]
[EventRounds "9"]
[EventCountry "GER"]
[SourceTitle "EXT 2022"]
[Source "ChessBase"]
[SourceDate "2021.10.06"]
[SourceVersion "1"]
[SourceVersionDate "2021.10.06"]
[SourceQuality "1"]
[WhiteTeam "Recklinghausen Laeufer Ost"]
[BlackTeam "Essen SK Germania Kupferdreh"]
[WhiteTeamCountry "GER"]
[BlackTeamCountry "GER"]

1. d4 Nf6 2. c4 e6 3. Nc3 Bb4 4. e3 c5 5. Nge2 0-0 6. a3 Bxc3+ 7. Nxc3 cxd4 8. exd4 d5 9. c5 Nc6 10. Be2 e5 11. dxe5 Nxe5 12. Be3 Nc4 13. Bxc4 dxc4 14. Qxd8 Rxd8 15. f3 Nd5 1/2-1/2

[Event "Ruhrgebiet Verbandsklasse Gruppe 2 1516"]
[Site "Germany"]
[Date "2016.02.21"]
[Round "7.1"]
[White "Unteregge, Michael"]
[Black "Simanowski, Mio"]
[Result "1-0"]
[WhiteElo "1991"]
[BlackElo "1917"]
[PlyCount "80"]
[EventDate "2015.09.06"]
[EventType "team-tourn"]
[EventRounds "9"]
[EventCountry "GER"]
[SourceTitle "EXT 2022"]
[Source "ChessBase"]
[SourceDate "2021.10.06"]
[SourceVersion "1"]
[SourceVersionDate "2021.10.06"]
[SourceQuality "1"]
[WhiteTeam "Essen SK Germania Kupferdreh"]
[BlackTeam "Muelheim Nord IV"]
[WhiteTeamCountry "GER"]
[BlackTeamCountry "GER"]

1. Nf3 d5 2. d4 c6 3. c4 Nf6 4. Qc2 e6 5. g3 Bb4+ 6. Bd2 Bxd2+ 7. Nbxd2 0-0 8. Bg2 Nbd7 9. 0-0 Re8 10. Rfd1 b6 11. e4 dxe4 12. Nxe4 Nxe4 13. Qxe4 Bb7 14. Ne5 Rc8 15. c5 Qe7 16. b4 Nxe5 17. Qxe5 Red8 18. h4 Rd7 19. Rac1 Rcd8 20. b5 f6 21. Qe2 Rxd4 22. Rxd4 Rxd4 23. bxc6 Bc8 24. cxb6 axb6 25. Rb1 Qd8 26. Qb2 Rd1+ 27. Rxd1 Qxd1+ 28. Kh2 Qd8 29. Qc2 Qd4 30. Be4 f5 31. Bf3 Kf7 32. Kg2 Ke7 33. Qb3 Qc5 34. Qa4 Qa5 35. Qf4 e5 36. Qg5+ Kf7 37. Qd8 Be6 38. c7 Qa6 39. Bd5 Bxd5+ 40. Qxd5+ Kf6 1-0

[Event "NRW Verbandsklasse Group2 1314"]
[Site "Nordrheinwestfalen"]
[Date "2014.04.06"]
[Round "9"]
[White "Bauch, Olaf"]
[Black "Unteregge, Michael"]
[Result "0-1"]
[WhiteElo "1855"]
[BlackElo "1967"]
[PlyCount "110"]
[EventDate "2013.09.08"]
[EventType "team-tourn"]
[EventRounds "9"]
[EventCountry "GER"]
[SourceTitle "EXT 2020"]
[Source "ChessBase"]
[SourceDate "2019.10.17"]
[SourceVersion "1"]
[SourceVersionDate "2019.10.17"]
[SourceQuality "1"]
[WhiteTeam "Luenen Horstmar SC"]
[BlackTeam "Germania Kupferdreh"]
[WhiteTeamCountry "GER"]
[BlackTeamCountry "GER"]

1. e4 c6 2. d4 d5 3. Nc3 dxe4 4. Nxe4 Bf5 5. Ng3 Bg6 6. h4 h6 7. h5 Bh7 8. Nf3 Nd7 9. Bd3 Bxd3 10. Qxd3 e6 11. Bd2 Ngf6 12. 0-0-0 Be7 13. Qe2 0-0 14. c4 b5 15. c5 a5 16. Ne4 Qc7 17. Nxf6+ Nxf6 18. g4 Nh7 19. Rhg1 Rad8 20. Be3 Rd5 21. Ne5 Bxc5 22. Ng6 fxg6 23. hxg6 Bd6 24. gxh7+ Kxh7 25. g5 hxg5 26. Qh5+ Kg8 27. Rh1 Bf4 28. Qg6 Qd7 29. Qh7+ Kf7 30. Bxf4 gxf4 31. Rdg1 Rg8 32. Rh6 Rf5 33. Qg6+ Ke7 34. Re1 Rf6 35. Qh7 Rxh6 36. Qxg8 Rg6 37. Re4 Qe8 38. Qh7 Qf7 39. Qh2 Rf6 40. Qh4 Kd7 41. f3 Rh6 42. Qg5 Qg6 43. Qe5 Rh5 44. Qxf4 Qg1+ 45. Kd2 Qh2+ 46. Qxh2 Rxh2+ 47. Kc3 Rh3 48. Re3 Ke7 49. a3 Kf6 50. Kd3 g5 51. Ke4 Rh4+ 52. Kd3 Rh2 53. Kc3 Rf2 54. Rd3 Re2 55. Kb3 a4+ 0-1

[Event "NRW Verbandsklasse Group2 1314"]
[Site "Nordrheinwestfalen"]
[Date "2014.01.26"]
[Round "6.1"]
[White "Unteregge, Michael"]
[Black "Patzer, Joerg"]
[Result "1/2-1/2"]
[WhiteElo "1967"]
[BlackElo "1908"]
[PlyCount "22"]
[EventDate "2013.09.08"]
[EventType "team-tourn"]
[EventRounds "9"]
[EventCountry "GER"]
[SourceTitle "EXT 2020"]
[Source "ChessBase"]
[SourceDate "2019.10.17"]
[SourceVersion "1"]
[SourceVersionDate "2019.10.17"]
[SourceQuality "1"]
[WhiteTeam "Germania Kupferdreh"]
[BlackTeam "Horst Emscher II"]
[WhiteTeamCountry "GER"]
[BlackTeamCountry "GER"]

1. Nf3 b6 2. e4 d6 3. d4 Nf6 4. Nc3 g6 5. Bd3 Bg7 6. h3 0-0 7. 0-0 Bb7 8. Re1 c5 9. d5 Nbd7 10. Bf1 a6 11. a4 Qc7 1/2-1/2

[Event "NRW Verbandsklasse Group2 1314"]
[Site "Nordrheinwestfalen"]
[Date "2013.11.03"]
[Round "3.1"]
[White "Kock, Wolfgang"]
[Black "Unteregge, Michael"]
[Result "0-1"]
[WhiteElo "2008"]
[BlackElo "1967"]
[PlyCount "130"]
[EventDate "2013.09.08"]
[EventType "team-tourn"]
[EventRounds "9"]
[EventCountry "GER"]
[SourceTitle "EXT 2020"]
[Source "ChessBase"]
[SourceDate "2019.10.17"]
[SourceVersion "1"]
[SourceVersionDate "2019.10.17"]
[SourceQuality "1"]
[WhiteTeam "Castrop Rauxel II"]
[BlackTeam "Germania Kupferdreh"]
[WhiteTeamCountry "GER"]
[BlackTeamCountry "GER"]

1. c4 e5 2. g3 Nf6 3. Bg2 c6 4. d4 Bb4+ 5. Bd2 Bxd2+ 6. Qxd2 d6 7. dxe5 dxe5 8. Qc3 Qe7 9. Nd2 0-0 10. e4 Nbd7 11. Ngf3 a5 12. 0-0 Re8 13. Rac1 Nc5 14. Rfe1 Bg4 15. Re3 Qc7 16. Ne1 Rad8 17. Nd3 Nxd3 18. Rxd3 Rxd3 19. Qxd3 Rd8 20. Qc3 Qd6 21. Nf1 a4 22. Qa5 Qd4 23. Rc2 b6 24. Qc3 Qxc3 25. Rxc3 Rd1 26. f3 Be6 27. Kf2 Kf8 28. Ke2 Rb1 29. Rc2 Nd7 30. Nd2 Rg1 31. Kf2 Ra1 32. b3 Nc5 33. Bf1 Ke7 34. bxa4 Nxa4 35. Nb3 Rb1 36. Be2 Rb2 37. Rd2 Rxd2 38. Nxd2 Nc3 39. a3 Kd6 40. Ke3 Nxe2 41. Kxe2 Kc5 42. Kd3 b5 43. cxb5 Kxb5 44. Kc3 Ka4 45. Kb2 g5 46. Kc3 Kxa3 47. Nc4+ Bxc4 48. Kxc4 Kb2 49. Kc5 Kc3 50. Kxc6 Kd4 51. Kd6 g4 52. fxg4 Kxe4 53. g5 Kd4 54. Ke7 e4 55. Kxf7 e3 56. Kg7 e2 57. Kxh7 e1Q 58. g6 Qe2 59. g7 Qxh2+ 60. Kg6 Qxg3+ 61. Kf7 Qf4+ 62. Kg6 Qg4+ 63. Kf7 Qf5+ 64. Ke7 Qg6 65. g8Q Qxg8 0-1

[Event "Ruhrgebiet VK3 1112"]
[Site "Nordrheinwestfalen"]
[Date "2011.09.18"]
[Round "1"]
[White "Grodotzki, Thomas"]
[Black "Unteregge, Michael"]
[Result "1/2-1/2"]
[WhiteElo "2003"]
[BlackElo "1967"]
[PlyCount "63"]
[EventDate "2012.09.18"]
[EventType "team-tourn"]
[EventRounds "9"]
[EventCountry "GER"]
[SourceTitle "EXT 2020"]
[Source "ChessBase"]
[SourceDate "2019.10.17"]
[SourceVersion "1"]
[SourceVersionDate "2019.10.17"]
[SourceQuality "1"]
[WhiteTeam "Wacker Bergeborbeck"]
[BlackTeam "Germania Kupferdreh"]
[WhiteTeamCountry "GER"]
[BlackTeamCountry "GER"]

1. e4 c6 2. d4 d5 3. exd5 cxd5 4. Bd3 Nc6 5. c3 Qc7 6. h3 g6 7. Nf3 Bg7 8. 0-0 Nf6 9. Re1 0-0 10. Na3 a6 11. Qe2 Bf5 12. Bxf5 gxf5 13. Ne5 e6 14. Bf4 Qe7 15. Nd3 Kh8 16. Nc2 Ne4 17. Kh2 Rg8 18. f3 Nf6 19. Ne3 Qd8 20. Bg5 Bf8 21. f4 Be7 22. Bxf6+ Bxf6 23. Nf1 Rg6 24. g3 Qc7 25. Nd2 Rag8 26. Rg1 Qc8 27. Nf3 Qf8 28. Nde5 Nxe5 29. Nxe5 Bxe5 30. Qxe5+ Qg7 31. Qxg7+ Kxg7 32. Kg2 1/2-1/2

[Event "Ruhrgebiet VK2 0910"]
[Site "Ruhrgebiet"]
[Date "2010.04.18"]
[Round "9.1"]
[White "Sinnwell, Horst"]
[Black "Unteregge, Michael"]
[Result "1/2-1/2"]
[WhiteElo "2048"]
[BlackElo "1914"]
[PlyCount "77"]
[EventDate "2009.09.06"]
[EventType "team"]
[EventRounds "9"]
[EventCountry "GER"]
[SourceTitle "EXT 2011"]
[Source "ChessBase"]
[SourceDate "2010.11.26"]
[SourceVersion "1"]
[SourceVersionDate "2010.11.26"]
[SourceQuality "1"]
[WhiteTeam "Kirchhellen SF"]
[BlackTeam "Germania Kupferdreh"]
[WhiteTeamCountry "GER"]
[BlackTeamCountry "GER"]

1. Nf3 Nf6 2. c4 b6 3. d4 e6 4. e3 Bb7 5. Nbd2 c5 6. b3 Be7 7. Be2 0-0 8. 0-0 cxd4 9. Nxd4 Nc6 10. Bb2 d5 11. Rc1 Rc8 12. N2f3 Nxd4 13. Nxd4 dxc4 14. Rxc4 Rxc4 15. Bxc4 Qa8 16. f3 Nd5 17. Qe2 Bc5 18. Kh1 Qb8 19. Nc2 Nb4 20. Nxb4 Bxb4 21. Bd3 Rc8 22. Rd1 Qc7 23. a3 Bd6 24. f4 Qe7 25. b4 a5 26. bxa5 bxa5 27. Qh5 f5 28. a4 Bd5 29. Qe2 Bb3 30. Rc1 Rxc1+ 31. Bxc1 Qc7 32. Bd2 Bxa4 33. e4 Bd7 34. exf5 exf5 35. Bc4+ Kh8 36. Qd3 Bc6 37. Qxf5 Bxg2+ 38. Kxg2 Qxc4 39. Bxa5 1/2-1/2

[Event "Ruhrgebiet VK2 0910"]
[Site "Ruhrgebiet"]
[Date "2010.01.31"]
[Round "6.1"]
[White "Unteregge, Michael"]
[Black "Ter Steeg, Marcus"]
[Result "1-0"]
[WhiteElo "1914"]
[BlackElo "1961"]
[PlyCount "143"]
[EventDate "2009.09.06"]
[EventType "team"]
[EventRounds "9"]
[EventCountry "GER"]
[SourceTitle "EXT 2011"]
[Source "ChessBase"]
[SourceDate "2010.11.26"]
[SourceVersion "1"]
[SourceVersionDate "2010.11.26"]
[SourceQuality "1"]
[WhiteTeam "Germania Kupferdreh"]
[BlackTeam "Essen Werden"]
[WhiteTeamCountry "GER"]
[BlackTeamCountry "GER"]

1. Nf3 c5 2. c4 Nc6 3. d4 cxd4 4. Nxd4 Nf6 5. g3 d5 6. Nc3 dxc4 7. Nxc6 Qxd1+ 8. Nxd1 bxc6 9. Bg2 Kd7 10. Bf4 Nd5 11. Rc1 Ba6 12. Ne3 e6 13. Nxc4 Bb4+ 14. Bd2 Bxc4 15. Rxc4 a5 16. a3 Bxd2+ 17. Kxd2 Rhb8 18. Kc1 Rb3 19. Rd1 Rab8 20. e4 Rxb2 21. exd5 cxd5 22. Rc2 R2b3 23. Ra2 Rc8+ 24. Kd2 Rcc3 25. a4 Rd3+ 26. Ke1 Rdc3 27. Bf1 Kd6 28. Bb5 h5 29. h4 f6 30. Rdd2 g5 31. hxg5 fxg5 32. Rac2 Ke5 33. Re2+ Kd6 34. Rxc3 Rxc3 35. Re3 Rc2 36. Rf3 h4 37. gxh4 gxh4 38. Rh3 Rc1+ 39. Kd2 Rb1 40. Rxh4 Rb2+ 41. Ke3 Rb3+ 42. Ke2 Rb2+ 43. Kf3 e5 44. Rh6+ Kc5 45. Rc6+ Kb4 46. Re6 Rb3+ 47. Ke2 Rb2+ 48. Kd3 Rb3+ 49. Kc2 e4 50. Re5 Rf3 51. Rxd5 Rxf2+ 52. Kd1 e3 53. Rd4+ Kc3 54. Rd3+ Kb4 55. Rxe3 Rg2 56. Re2 Rg3 57. Kd2 Rg1 58. Kd3 Rg3+ 59. Kd4 Rg4+ 60. Kd5 Rg5+ 61. Re5 Rg6 62. Re4+ Kb3 63. Kc5 Rh6 64. Re3+ Kb2 65. Rd3 Rh8 66. Kb6 Ra8 67. Ba6 Rb8+ 68. Kxa5 Kc2 69. Rd5 Kc3 70. Rc5+ Kd4 71. Rc1 Rb2 72. Bb5 1-0

[Event "Ruhrgebiet VK2 0910"]
[Site "Ruhrgebiet"]
[Date "2009.09.06"]
[Round "1.1"]
[White "Kordonowski, Frank"]
[Black "Unteregge, Michael"]
[Result "1/2-1/2"]
[WhiteElo "1958"]
[BlackElo "1914"]
[PlyCount "56"]
[EventDate "2009.09.06"]
[EventType "team"]
[EventRounds "9"]
[EventCountry "GER"]
[SourceTitle "EXT 2011"]
[Source "ChessBase"]
[SourceDate "2010.11.26"]
[SourceVersion "1"]
[SourceVersionDate "2010.11.26"]
[SourceQuality "1"]
[WhiteTeam "Altenessen"]
[BlackTeam "Germania Kupferdreh"]
[WhiteTeamCountry "GER"]
[BlackTeamCountry "GER"]

1. e4 c6 2. d4 d5 3. e5 c5 4. Nf3 Nc6 5. dxc5 Bg4 6. Be2 e6 7. Nbd2 Bxc5 8. 0-0 Nge7 9. c3 Ng6 10. b4 Bxf3 11. Nxf3 Be7 12. Bb5 Rc8 13. Qa4 Qd7 14. Be3 a6 15. Bxc6 Qxc6 16. Qd1 0-0 17. Rc1 Qd7 18. g3 b5 19. Bd4 f6 20. Re1 fxe5 21. Nxe5 Nxe5 22. Bxe5 Bf6 23. Qg4 Rc4 24. f4 d4 25. cxd4 Bxe5 26. Rxc4 Bxd4+ 27. Rxd4 Qxd4+ 28. Kg2 Qd5+ 1/2-1/2

[Event "Ruhrgebiet-ch"]
[Site "Muelheim"]
[Date "2007.06.07"]
[Round "4"]
[White "Kartsev, Alexandr"]
[Black "Unteregge, Michael"]
[Result "1-0"]
[WhiteElo "1866"]
[BlackElo "1905"]
[PlyCount "57"]
[EventDate "2007.06.01"]
[EventType "swiss"]
[EventRounds "7"]
[EventCountry "GER"]
[SourceTitle "EXT 2008"]
[Source "ChessBase"]
[SourceDate "2007.11.25"]
[SourceVersion "1"]
[SourceVersionDate "2007.11.25"]
[SourceQuality "1"]

1. e4 c6 2. d4 d5 3. e5 Bf5 4. f4 Qb6 5. Nf3 e6 6. Bd3 Bxd3 7. Qxd3 Qa6 8. Qxa6 Nxa6 9. 0-0 Nb4 10. Ne1 c5 11. Be3 cxd4 12. Bxd4 Ne7 13. Nd2 Nf5 14. Bf2 h5 15. Nb3 Nc6 16. c3 Rc8 17. Nc2 g5 18. fxg5 Nxe5 19. Bxa7 Nc4 20. Rae1 Nfd6 21. g6 e5 22. Ne3 Ra8 23. Bd4 Kd8 24. Nxc4 exd4 25. g7 Bxg7 26. Nxd6 Rxa2 27. Nxf7+ Kd7 28. Nxh8 Rxb2 29. Nxd4 1-0

[Event "Ruhrgebiet-ch"]
[Site "Muelheim"]
[Date "2007.06.03"]
[Round "3"]
[White "Unteregge, Michael"]
[Black "Strozewski, Frank"]
[Result "0-1"]
[WhiteElo "1905"]
[BlackElo "1983"]
[PlyCount "68"]
[EventDate "2007.06.01"]
[EventType "swiss"]
[EventRounds "7"]
[EventCountry "GER"]
[SourceTitle "EXT 2008"]
[Source "ChessBase"]
[SourceDate "2007.11.25"]
[SourceVersion "1"]
[SourceVersionDate "2007.11.25"]
[SourceQuality "1"]

1. Nf3 d6 2. d4 g6 3. g3 Bg7 4. Bg2 c6 5. c4 Nf6 6. 0-0 0-0 7. Nc3 Na6 8. e4 Bg4 9. h3 Bxf3 10. Bxf3 Nd7 11. Bg2 Rb8 12. Be3 Qa5 13. a3 Rbe8 14. b4 Qd8 15. Rc1 Nc7 16. b5 c5 17. e5 cxd4 18. Bxd4 Ne6 19. Bxa7 Qa5 20. Be3 Bxe5 21. Ne2 Ndc5 22. Nd4 Qxa3 23. Nxe6 fxe6 24. Bxc5 Qxc5 25. Bxb7 Bxg3 26. Qe2 Rf6 27. Rc2 Ref8 28. Qe1 d5 29. Bc6 Bb8 30. Qe2 Qd6 31. f3 Qg3+ 32. Qg2 Rxf3 33. Rxf3 Rxf3 34. cxd5 Qe1+ 0-1

[Event "Ruhrgebiet-ch"]
[Site "Muelheim"]
[Date "2007.06.01"]
[Round "1"]
[White "Hassenrueck, Helmut"]
[Black "Unteregge, Michael"]
[Result "1-0"]
[WhiteElo "2123"]
[BlackElo "1905"]
[PlyCount "113"]
[EventDate "2007.06.01"]
[EventType "swiss"]
[EventRounds "7"]
[EventCountry "GER"]
[SourceTitle "EXT 2008"]
[Source "ChessBase"]
[SourceDate "2007.11.25"]
[SourceVersion "1"]
[SourceVersionDate "2007.11.25"]
[SourceQuality "1"]

1. d4 Nf6 2. Nf3 e6 3. c4 b6 4. g3 Ba6 5. Qa4 c5 6. Bg2 Bb7 7. dxc5 Bxc5 8. 0-0 0-0 9. Nc3 Qc8 10. Rd1 a6 11. Qc2 d5 12. cxd5 Nxd5 13. Ng5 Nf6 14. Bxb7 Qxb7 15. Nce4 Nxe4 16. Qxe4 Qxe4 17. Nxe4 Be7 18. Be3 Ra7 19. Rac1 Nd7 20. Rc6 Ne5 21. Rxb6 Nc4 22. Rb3 Nxe3 23. Rxe3 Rc8 24. Red3 Kf8 25. b3 Rac7 26. Nd6 Bxd6 27. Rxd6 Rc6 28. Kg2 R8c7 29. Rxc6 Rxc6 30. Rd8+ Ke7 31. Ra8 Kd6 32. Ra7 g5 33. Rxf7 Rc2 34. Rxh7 Rxe2 35. a4 Ke5 36. Ra7 Rb2 37. Rxa6 Rxb3 38. Ra5+ Kf6 39. Rb5 Ra3 40. a5 g4 41. h4 gxh3+ 42. Kxh3 Rf3 43. Kg2 Ra3 44. f4 Ra2+ 45. Kh3 Ra3 46. Kh4 Kg6 47. Re5 Kf6 48. g4 Ra1 49. g5+ Kf7 50. Kg4 Ra3 51. f5 Ra4+ 52. Kh5 exf5 53. Rxf5+ Kg7 54. Rb5 Ra1 55. Rb7+ Kf8 56. Ra7 Ra2 57. Kg6 1-0

[Event "Ruhrhalbinsel op"]
[Site "Essen"]
[Date "2006.05.24"]
[Round "1"]
[White "Hausrath, Daniel"]
[Black "Unteregge, Michael"]
[Result "1-0"]
[WhiteElo "2466"]
[BlackElo "1838"]
[PlyCount "28"]
[EventDate "2006.05.24"]
[EventType "swiss"]
[EventRounds "7"]
[EventCountry "GER"]
[SourceTitle "EXT 2007"]
[Source "ChessBase"]
[SourceDate "2006.11.23"]
[SourceVersion "1"]
[SourceVersionDate "2006.11.23"]
[SourceQuality "1"]

1. Nf3 Nf6 2. g3 d5 3. Bg2 Bg4 4. c4 c6 5. Ne5 Bf5 6. cxd5 cxd5 7. Nc3 e6 8. g4 Bg6 9. h4 h5 10. g5 Nfd7 11. Nxg6 fxg6 12. Qc2 Kf7 13. Rh3 Qc7 14. Rf3+ Ke7 1-0

[Event "Ruhrgebiet VK1 0405"]
[Site "Ruhrgebiet"]
[Date "2004.11.28"]
[Round "4.7"]
[White "Unteregge, Michael"]
[Black "Berendsen, Markus"]
[Result "1/2-1/2"]
[WhiteElo "1834"]
[BlackElo "1875"]
[PlyCount "39"]
[EventDate "2004.09.12"]
[EventType "team"]
[EventRounds "9"]
[EventCountry "GER"]
[SourceTitle "EXT 2006"]
[Source "ChessBase"]
[SourceDate "2005.11.24"]
[SourceVersion "1"]
[SourceVersionDate "2005.11.24"]
[SourceQuality "1"]
[WhiteTeam "Bochum-Linden"]
[BlackTeam "Oberhausen II"]
[WhiteTeamCountry "GER"]
[BlackTeamCountry "GER"]

1. Nc3 c5 2. Nf3 Nc6 3. d4 cxd4 4. Nxd4 d6 5. g3 Nf6 6. Bg2 Bd7 7. Bg5 e6 8. Ndb5 d5 9. e4 a6 10. exd5 axb5 11. dxc6 bxc6 12. 0-0 Be7 13. Qf3 Nd5 14. Bxe7 Qxe7 15. Ne4 0-0 16. Rfd1 Rfc8 17. a3 c5 18. Qe2 Rab8 19. Nd2 Qf6 20. c3 1/2-1/2

[Event "Ruhrgebiet VK1 0405"]
[Site "Ruhrgebiet"]
[Date "2004.09.12"]
[Round "1.5"]
[White "Abicht, Hans Joachim"]
[Black "Unteregge, Michael"]
[Result "0-1"]
[WhiteElo "1722"]
[BlackElo "1834"]
[PlyCount "102"]
[EventDate "2004.09.12"]
[EventType "team"]
[EventRounds "9"]
[EventCountry "GER"]
[SourceTitle "EXT 2006"]
[Source "ChessBase"]
[SourceDate "2005.11.24"]
[SourceVersion "1"]
[SourceVersionDate "2005.11.24"]
[SourceQuality "1"]
[WhiteTeam "Dortmund 1926"]
[BlackTeam "Bochum-Linden"]
[WhiteTeamCountry "GER"]
[BlackTeamCountry "GER"]

1. d4 d5 2. c4 Nc6 3. Nf3 Bg4 4. e3 e6 5. Nc3 Bb4 6. Bd2 Nf6 7. Be2 0-0 8. h3 Bh5 9. Rc1 Qe7 10. 0-0 dxc4 11. Bxc4 e5 12. dxe5 Nxe5 13. Be2 Rad8 14. Nxe5 Qxe5 15. Bxh5 Nxh5 16. Qe1 Rd7 17. a3 Bd6 18. f4 Qe7 19. g4 Nf6 20. Rd1 Ne4 21. Nxe4 Qxe4 22. Bc1 Rfd8 23. Rd4 Qe7 24. b4 c5 25. bxc5 Bxc5 26. Rxd7 Rxd7 27. Qc3 b6 28. Kf2 Qe4 29. Ke2 Qg2+ 30. Rf2 Qxh3 31. g5 Qh1 32. Rf1 Qg2+ 33. Rf2 Qd5 34. Rf1 Bf8 35. Bb2 Qb5+ 36. Kf2 Rd3 37. Qc2 Qb3 38. Qe2 Bc5 39. Bd4 Bxa3 40. Qf3 Rd2+ 41. Kg3 Qc4 42. Ra1 Qb3 43. Rc1 Bf8 44. Qe4 Qe6 45. Be5 f6 46. gxf6 gxf6 47. Rc7 Be7 48. Qa8+ Kf7 49. Bd4 h5 50. Qf3 h4+ 51. Kxh4 Rh2+ 0-1

[Event "Ruhrgebiet VK3 0304"]
[Site "Ruhrgebiet"]
[Date "2004.02.29"]
[Round "7.6"]
[White "Lautenschuetz, Ludger"]
[Black "Unteregge, Michael"]
[Result "1/2-1/2"]
[WhiteElo "1863"]
[BlackElo "1815"]
[PlyCount "80"]
[EventDate "2003.09.28"]
[EventType "team"]
[EventRounds "9"]
[EventCountry "GER"]
[SourceTitle "EXT 2007"]
[Source "ChessBase"]
[SourceDate "2006.11.23"]
[SourceVersion "1"]
[SourceVersionDate "2006.11.23"]
[SourceQuality "1"]
[WhiteTeam "Haltern"]
[BlackTeam "Linden"]
[WhiteTeamCountry "GER"]
[BlackTeamCountry "GER"]

1. d4 d5 2. c4 Nc6 3. cxd5 Qxd5 4. e3 e5 5. Nc3 Bb4 6. Bd2 Bxc3 7. bxc3 Nf6 8. f3 e4 9. c4 Qd8 10. f4 0-0 11. Ne2 Ne7 12. Ng3 Nf5 13. Nxf5 Bxf5 14. Be2 Qe7 15. Rb1 b6 16. 0-0 Rfd8 17. g4 Bc8 18. Rf2 c5 19. d5 Ne8 20. g5 Nd6 21. h4 Bb7 22. a4 Nf5 23. h5 Rd6 24. Bg4 Bc8 25. Bxf5 Bxf5 26. Bc3 f6 27. Rg2 Kf7 28. h6 fxg5 29. Rxg5 g6 30. Be5 Rd7 31. Qd2 Rb7 32. Qc3 Kg8 33. Kh2 Rf8 34. Bg7 Rf7 35. Qe5 Qd7 36. a5 Re7 37. Qf6 Rf7 38. Qe5 Re7 39. Qf6 Rf7 40. Qe5 Re7 1/2-1/2

[Event "Ruhrgebiet VK2 0001"]
[Site "Ruhrgebiet"]
[Date "2001.01.21"]
[Round "5"]
[White "Von Blumenthal, Nikolaus"]
[Black "Unteregge, Michael"]
[Result "0-1"]
[WhiteElo "1722"]
[BlackElo "1772"]
[PlyCount "84"]
[EventDate "2000.09.17"]
[EventType "team-tourn"]
[EventRounds "9"]
[EventCountry "GER"]
[SourceTitle "EXT 2023"]
[Source "ChessBase"]
[SourceDate "2022.10.05"]
[SourceVersion "1"]
[SourceVersionDate "2022.10.05"]
[SourceQuality "1"]
[WhiteTeam "Neu Herne Zeppelin"]
[BlackTeam "Linden Sued"]
[WhiteTeamCountry "GER"]
[BlackTeamCountry "GER"]

1. e4 c5 2. Nf3 d6 3. d4 cxd4 4. Nxd4 Nf6 5. Bd3 Nc6 6. Nxc6 bxc6 7. 0-0 g6 8. b3 Bg7 9. Bb2 Qc7 10. Nd2 0-0 11. Nf3 Bg4 12. h3 Bd7 13. c4 Rad8 14. Qc2 e5 15. c5 Nh5 16. cxd6 Qxd6 17. Bc4 Nf4 18. Rad1 Qe7 19. Qc1 Rfe8 20. Ba3 Qf6 21. Qc3 Be6 22. Ba6 Bc8 23. Bc4 Be6 24. Kh2 Bxc4 25. Qxc4 Bf8 26. Bb2 Bg7 27. Qc5 Nd3 28. Qc2 Nxb2 29. Qxb2 Qf4+ 30. Kg1 Qxe4 31. Rde1 Qb4 32. Qc2 Qd6 33. Rd1 Qf6 34. Rde1 Rd5 35. Re4 Qd6 36. Ra4 a5 37. Rc1 Bh6 38. Re1 f5 39. Rc4 Rc8 40. Qe2 e4 41. Nh2 Rd2 42. Qf1 Bf4 0-1